000 00600nam a2200229Ia 4500
003 OSt
005 20221007080543.0
006 a|||||r|||| 00| 0
007 ta
008 221006b |||||||| |||| 00| 0 eng d
024 _a20,360
037 _cTextual
040 _aFLL
_cFLL
_beng
041 _2eng
_aeng
082 _a2:51, L9
100 _aKumar K. Au.
_9695007
245 0 _aTheory of classification
260 _aNew Delhi
_bVikas publishing house pvt. ltd. India
_c1979
300 _a510p
_ccm.
942 _h2:51, L9
_cTEXL
_2CC
999 _c1160071
_d1160071